000 00226 a2200097 4500
001 7747
100 _aByerly, W.E
245 _aElementary treatise on Fourier series
260 _a
_bDover publications
_c
090 _c6204
_d6204
942 _aNUST-CAE
_cM
_c32717
999 _c242820
_d242820